Horticultural chain management for countries of asia and the pacific region a training package (Record no. 10215)

000 -LEADER
fixed length control field 00337nam a22001217a 4500
040 ## - CATALOGING SOURCE
Transcribing agency HS
082 ## - DEWEY DECIMAL CLASSIFICATION NUMBER
Classification number 152
100 ## - MAIN ENTRY--AUTHOR NAME
Personal name SIRICHAI KANLAYANARAT
245 ## - TITLE STATEMENT
Title Horticultural chain management for countries of asia and the pacific region a training package
260 ## - PUBLICATION, DISTRIBUTION, ETC. (IMPRINT)
Place of publication Bangkok
Name of publisher SIRICHAI KANLAYANARAT
Year of publication 2009
300 ## - PHYSICAL DESCRIPTION
Number of Pages 213p;
942 ## - ADDED ENTRY ELEMENTS (KOHA)
Koha item type សៀវភៅភាសាអង់គ្លេស
952 ## - LOCATION AND ITEM INFORMATION (KOHA)
Withdrawn status [LOCAL, KOHA] 0
Holdings
Permanent Location Date acquired Koha item type Lost status Shelving location Barcode Current Location Full call number
Library Block C2016-09-22សៀវភៅភាសាអង់គ្លេស C022RUA045580Library Block C152 SIR 2009 C022 Or.
មជ្ឈមណ្ឌលឯការនៃសាកលវិទ្យាល័យភូមិន្ទកសិកម្មចំការដូង

Powered by Koha